Alliterative Answers - Statistics

General Stats
  • This quiz has been taken 319 times
  • The average score is 7 of 12
Answer Stats
Hint Answer % Correct
London Clock Tower Big Ben
95%
Table Tennis Ping Pong
91%
Boy who never wants to grow up Peter Pan
86%
Side dish for a burger French Fries
80%
Lives in a pineapple under the sea Spongebob Squarepants
77%
Superman's Alias Clark Kent
70%
Independent stories written by fans of a certain book or movie fan fiction
64%
First Lady of the United States succeeded by Hillary Clinton Barbara Bush
52%
Actress known for her roles in 'Junebug', 'Enchanted', and 'Doubt' Amy Adams
39%
Starred as Elizabeth Swann in the 'Pirates of the Caribbean' trilogy Keira Knightley
39%
Pacific Northwest NFL team Seattle Seahawks
27%
Major League Baseball's all-time HR leader Barry Bonds
20%
No matching quizzes found
Score Distribution
Percent of People with Each Score
Percentile by Number Answered
Your Score History
You have not taken this quiz